<?xml version="1.0" encoding="UTF-8"?>
<record
    xmlns:xsi="http://www.w3.org/2001/XMLSchema-instance"
    xsi:schemaLocation="http://www.loc.gov/MARC21/slim http://www.loc.gov/standards/marcxml/schema/MARC21slim.xsd"
    xmlns="http://www.loc.gov/MARC21/slim">

  <leader>00459nam a2200181   4500</leader>
  <controlfield tag="003">SEACOMMC</controlfield>
  <controlfield tag="005">20250509131251.0</controlfield>
  <controlfield tag="008">250326b        |||||||| |||| 00| 0 eng d</controlfield>
  <datafield tag="020" ind1=" " ind2=" ">
    <subfield code="a">978-81-272-5059-1</subfield>
    <subfield code="c">Rs.230.00</subfield>
  </datafield>
  <datafield tag="040" ind1=" " ind2=" ">
    <subfield code="a">SEACOMMC</subfield>
  </datafield>
  <datafield tag="082" ind1=" " ind2=" ">
    <subfield code="a">330</subfield>
    <subfield code="b">L 536</subfield>
  </datafield>
  <datafield tag="100" ind1=" " ind2=" ">
    <subfield code="a">Lekhi, R. K</subfield>
  </datafield>
  <datafield tag="245" ind1="1" ind2=" ">
    <subfield code="a">Business Economics /</subfield>
    <subfield code="c"> R. K Lekhi</subfield>
  </datafield>
  <datafield tag="260" ind1=" " ind2=" ">
    <subfield code="a"> Kolkata</subfield>
    <subfield code="b"> Kalyani Publishers</subfield>
    <subfield code="c"> c2009</subfield>
  </datafield>
  <datafield tag="300" ind1=" " ind2=" ">
    <subfield code="e">BBA 2nd SEM</subfield>
  </datafield>
  <datafield tag="650" ind1=" " ind2=" ">
    <subfield code="a">Economic</subfield>
  </datafield>
  <datafield tag="942" ind1=" " ind2=" ">
    <subfield code="c">BOOK</subfield>
  </datafield>
  <datafield tag="952" ind1=" " ind2=" ">
    <subfield code="0">0</subfield>
    <subfield code="1">0</subfield>
    <subfield code="2">ddc</subfield>
    <subfield code="4">0</subfield>
    <subfield code="7">0</subfield>
    <subfield code="a">SEACOMMC</subfield>
    <subfield code="b">SEACOMMC</subfield>
    <subfield code="c">REF</subfield>
    <subfield code="d">2010-02-10</subfield>
    <subfield code="l">0</subfield>
    <subfield code="o">330 L 536</subfield>
    <subfield code="p">M-2675</subfield>
    <subfield code="r">2025-03-26 11:53:55</subfield>
    <subfield code="w">2025-03-26</subfield>
    <subfield code="y">REF</subfield>
  </datafield>
  <datafield tag="952" ind1=" " ind2=" ">
    <subfield code="0">0</subfield>
    <subfield code="1">0</subfield>
    <subfield code="2">ddc</subfield>
    <subfield code="4">0</subfield>
    <subfield code="7">0</subfield>
    <subfield code="a">SEACOMMC</subfield>
    <subfield code="b">SEACOMMC</subfield>
    <subfield code="d">2010-02-10</subfield>
    <subfield code="l">0</subfield>
    <subfield code="o">330 L 536</subfield>
    <subfield code="p">M-2676</subfield>
    <subfield code="r">2025-03-26 11:54:36</subfield>
    <subfield code="t">1</subfield>
    <subfield code="w">2025-03-26</subfield>
    <subfield code="y">BOOK</subfield>
  </datafield>
  <datafield tag="952" ind1=" " ind2=" ">
    <subfield code="0">0</subfield>
    <subfield code="1">0</subfield>
    <subfield code="2">ddc</subfield>
    <subfield code="4">0</subfield>
    <subfield code="7">0</subfield>
    <subfield code="a">SEACOMMC</subfield>
    <subfield code="b">SEACOMMC</subfield>
    <subfield code="d">2010-02-10</subfield>
    <subfield code="l">0</subfield>
    <subfield code="o">330 L 536</subfield>
    <subfield code="p">M-2677</subfield>
    <subfield code="r">2025-03-26 11:54:36</subfield>
    <subfield code="t">2</subfield>
    <subfield code="w">2025-03-26</subfield>
    <subfield code="y">BOOK</subfield>
  </datafield>
  <datafield tag="952" ind1=" " ind2=" ">
    <subfield code="0">0</subfield>
    <subfield code="1">0</subfield>
    <subfield code="2">ddc</subfield>
    <subfield code="4">0</subfield>
    <subfield code="7">0</subfield>
    <subfield code="a">SEACOMMC</subfield>
    <subfield code="b">SEACOMMC</subfield>
    <subfield code="d">2010-02-10</subfield>
    <subfield code="l">0</subfield>
    <subfield code="o">330 L 536</subfield>
    <subfield code="p">M-2678</subfield>
    <subfield code="r">2025-03-26 11:54:36</subfield>
    <subfield code="t">3</subfield>
    <subfield code="w">2025-03-26</subfield>
    <subfield code="y">BOOK</subfield>
  </datafield>
  <datafield tag="952" ind1=" " ind2=" ">
    <subfield code="0">0</subfield>
    <subfield code="1">0</subfield>
    <subfield code="2">ddc</subfield>
    <subfield code="4">0</subfield>
    <subfield code="7">0</subfield>
    <subfield code="a">SEACOMMC</subfield>
    <subfield code="b">SEACOMMC</subfield>
    <subfield code="d">2010-02-10</subfield>
    <subfield code="l">0</subfield>
    <subfield code="o">330 L 536</subfield>
    <subfield code="p">M-2679</subfield>
    <subfield code="r">2025-03-26 11:54:36</subfield>
    <subfield code="t">4</subfield>
    <subfield code="w">2025-03-26</subfield>
    <subfield code="y">BOOK</subfield>
  </datafield>
  <datafield tag="952" ind1=" " ind2=" ">
    <subfield code="0">0</subfield>
    <subfield code="1">0</subfield>
    <subfield code="2">ddc</subfield>
    <subfield code="4">0</subfield>
    <subfield code="7">0</subfield>
    <subfield code="a">SEACOMMC</subfield>
    <subfield code="b">SEACOMMC</subfield>
    <subfield code="d">2010-02-10</subfield>
    <subfield code="l">0</subfield>
    <subfield code="o">330 L 536</subfield>
    <subfield code="p">M-2680</subfield>
    <subfield code="r">2025-03-26 11:54:36</subfield>
    <subfield code="t">5</subfield>
    <subfield code="w">2025-03-26</subfield>
    <subfield code="y">BOOK</subfield>
  </datafield>
  <datafield tag="999" ind1=" " ind2=" ">
    <subfield code="c">1152</subfield>
    <subfield code="d">1152</subfield>
  </datafield>
</record>
